000 00523nam a22001697a 4500
003 MACL
005 20160724141412.0
008 160724b xxu||||| |||| 00| 0 eng d
040 _cMACL
041 _aHindi
082 _a333
100 _aचमोला, दिनेश
_955995
245 _aपर्यावरण बचाओ
_cदिनेश चमोला
260 _aदेहरादून
_bअदिश प्रकाशन
_c2004
650 _aपर्यावरण
_936465
942 _2ddc
_cHIN
999 _c54906
_d54906